Система измерений на постах для мониторинга парниковых и окисляющих атмосферу газов; Информационно-измерительная техника и технологии

Dades bibliogràfiques
Parent link:Информационно-измерительная техника и технологии.— 2010.— С. 101-103
Altres autors: Белан Б. Д., Давыдов Д. К., Козлов А. В., Пестунов Д. А.
Idioma:rus
Publicat: 2010
Format: MixedMaterials Capítol de llibre
KOHA link:https://koha.lib.tpu.ru/cgi-bin/koha/opac-detail.pl?biblionumber=217988

MARC

LEADER 00000naa2a2200000 4500
001 217988
005 20231031194703.0
035 |a (RuTPU)RU\TPU\book\237992 
035 |a RU\TPU\book\237991 
090 |a 217988 
100 |a 20120610d2010 k y0rusy50 ca 
101 0 |a rus 
102 |a RU 
200 1 |a Система измерений на постах для мониторинга парниковых и окисляющих атмосферу газов  |f Б. Д. Белан [и др.] 
463 0 |0 (RuTPU)RU\TPU\book\229489  |t Информационно-измерительная техника и технологии  |o сборник материалов I Научно-практической конференции, посвященной 50-летию кафедры "Информационно-измерительная техника" ЭФФ НИ ТПУ, г. Томск, 25-26 февраля 2010 г.  |f Национальный исследовательский Томский политехнический университет (ТПУ); под ред. А. В. Юрченко  |v С. 101-103  |d 2010  |p 117 с. 
701 1 |a Белан  |b Б. Д. 
701 1 |a Давыдов  |b Д. К. 
701 1 |a Козлов  |b А. В. 
701 1 |a Пестунов  |b Д. А. 
801 1 |a RU  |b 63413507  |c 20120523 
801 2 |a RU  |b 63413507  |c 20160520  |g RCR 
942 |c BK